Let's find out about money / (Record no. 5672)

MARC details
000 -LEADER
fixed length control field 01063cam a2200349 a 4500
001 - CONTROL NUMBER
control field 5672
003 - CONTROL NUMBER IDENTIFIER
control field FISKH
005 - DATE AND TIME OF LATEST TRANSACTION
control field 20250428144402.0
008 - FIXED-LENGTH DATA ELEMENTS--GENERAL INFORMATION
fixed length control field 961010s1997 nyu b 000 0 eng
010 ## - LIBRARY OF CONGRESS CONTROL NUMBER
LC control number 96044077
020 ## - INTERNATIONAL STANDARD BOOK NUMBER
International Standard Book Number 0590738038
020 ## - INTERNATIONAL STANDARD BOOK NUMBER
International Standard Book Number 9780590738033
040 ## - CATALOGING SOURCE
Original cataloging agency DLC
Transcribing agency DLC
Modifying agency DLC
Language of cataloging eng
050 ## - LIBRARY OF CONGRESS CALL NUMBER
Classification number HG221.B29
082 ## - DEWEY DECIMAL CLASSIFICATION NUMBER
Classification number 332.4
100 1# - MAIN ENTRY--PERSONAL NAME
Personal name Barabas, Kathy,
Dates associated with a name 1945-
245 10 - TITLE STATEMENT
Title Let's find out about money /
Statement of responsibility, etc. by Kathy Barabas ; [mint photographs by David Swanson].
260 ## - PUBLICATION, DISTRIBUTION, ETC.
Place of publication, distribution, etc. New York :
Name of publisher, distributor, etc. Scholastic,
Date of publication, distribution, etc. 1997.
300 ## - PHYSICAL DESCRIPTION
Extent 24 pages :
Other physical details color illustrations ;
Dimensions 21 x 26 cm
490 1# - SERIES STATEMENT
Series statement Let's find out books
505 ## - FORMATTED CONTENTS NOTE
Formatted contents note K<br/>
520 ## - SUMMARY, ETC.
Summary, etc. Text and photographs depict the process of making money, from ores to finished coins.
521 8# - TARGET AUDIENCE NOTE
Target audience note 520<br/>
Source Lexile AD <br/>
521 8# - TARGET AUDIENCE NOTE
Target audience note K <br/>
Source Raz-Plus<br/>
650 #0 - SUBJECT ADDED ENTRY--TOPICAL TERM
Topical term or geographic name entry element Money
General subdivision Juvenile literature.
650 #0 - SUBJECT ADDED ENTRY--TOPICAL TERM
Topical term or geographic name entry element Coins
General subdivision Juvenile literature.
650 #1 - SUBJECT ADDED ENTRY--TOPICAL TERM
Topical term or geographic name entry element Coins.
650 #1 - SUBJECT ADDED ENTRY--TOPICAL TERM
Topical term or geographic name entry element Money.
906 ## - LOCAL DATA ELEMENT F, LDF (RLIN)
a 7
b cbc
c orignew
d 1
e ocip
f 19
g y-gencatlg
942 ## - ADDED ENTRY ELEMENTS (KOHA)
Source of classification or shelving scheme Dewey Decimal Classification
Koha item type Books
Suppress in OPAC No
Holdings
Withdrawn status Lost status Source of classification or shelving scheme Damaged status Not for loan Collection Home library Current library Shelving location Date acquired Total Checkouts Full call number Barcode Date last seen Copy number Price effective from Koha item type Date last checked out
    Dewey Decimal Classification     Non-Fiction Footprints International School Library Network Toul Kork Campus Footprints International School Library Network Toul Kork Campus TK Primary Library Room(4th Floor), Bookcase 3&4, Shelves 17-32, Yellow Books 01/13/2025   BAR 332.4 HG221.B29 FISTK02455 01/13/2025 1 01/13/2025 Books  
    Dewey Decimal Classification     Non-Fiction Footprints International School Library Network Toul Kork Campus Footprints International School Library Network Toul Kork Campus TK Primary Library Room(4th Floor), Bookcase 3&4, Shelves 17-32, Yellow Books 04/28/2025 1 BAR 332.4 HG221.B29 FISBK01994 10/31/2025 2 04/28/2025 Books 10/17/2025